Jurisdicción y registro de la propiedad y mercantil (Record no. 67590)
[ view plain ]
| 000 -LEADER | |
|---|---|
| campo de control de longitud fija | 01235nam a2200289 i 4500 |
| 001 - NÚMERO DE CONTROL | |
| campo de control | 67590 |
| 003 - IDENTIFICADOR DE NÚMERO DE CONTROL | |
| campo de control | ES-MaACL |
| 005 - FECHA Y HORA DE LA ÚLTIMA TRANSACCIÓN | |
| campo de control | 20230906170117.0 |
| 007 - CAMPO FIJO DE DESCRIPCIÓN FÍSICA--INFORMACIÓN GENERAL | |
| campo de control de longitud fija | t| |
| 008 - DATOS DE LONGITUD FIJA--INFORMACIÓN GENERAL | |
| campo de control de longitud fija | 040607s2003 sp ||||1| spa d |
| 020 ## - NÚMERO INTERNACIONAL ESTÁNDAR DEL LIBRO | |
| Número Internacional Estándar del Libro | 84-96228-29-0 |
| 080 ## - NÚMERO DE LA CLASIFICACIÓN DECIMAL UNIVERSAL | |
| Número de la Clasificación Decimal Universal | 347.235(460) |
| 080 ## - NÚMERO DE LA CLASIFICACIÓN DECIMAL UNIVERSAL | |
| Número de la Clasificación Decimal Universal | 347.952(460) |
| 245 00 - MENCIÓN DEL TÍTULO | |
| Título | Jurisdicción y registro de la propiedad y mercantil |
| Resto del título | : nuevas áreas de interés común / |
| Mención de responsabilidad, etc. | directores, Manuel Almenar Belenguer, Cristina Carbonell Llorens. |
| 260 ## - PUBLICACIÓN, DISTRIBUCIÓN, ETC. | |
| Lugar de publicación, distribución, etc. | Madrid : |
| Nombre del editor, distribuidor, etc. | Consejo General del Poder Judicial, Centro de Documentación Judicial, |
| Fecha de publicación, distribución, etc. | 2003 [i.e. 2004] |
| 300 ## - DESCRIPCIÓN FÍSICA | |
| Extensión | 368 p. ; |
| Dimensiones | 23 cm. |
| 490 1# - MENCIÓN DE SERIE | |
| Mención de serie | Cuadernos de Derecho judicial ; |
| Designación de volumen o secuencia | 43-2002 |
| 500 ## - NOTA GENERAL | |
| Nota general | En la cub.: Escuela Judicial, Consejo General del Poder Judicial ; Colegio de Registradores de la Propiedad y Mercantiles. |
| 650 #4 - PUNTO DE ACCESO ADICIONAL DE MATERIA--TÉRMINO DE MATERIA | |
| Término de materia o nombre geográfico como elemento de entrada | Registro de la propiedad- |
| Subdivisión geográfica | España. |
| 9 (RLIN) | 16759 |
| 650 14 - PUNTO DE ACCESO ADICIONAL DE MATERIA--TÉRMINO DE MATERIA | |
| Término de materia o nombre geográfico como elemento de entrada | Procedimiento de ejecución- |
| Subdivisión geográfica | España. |
| 9 (RLIN) | 16426 |
| 700 1# - ENTRADA AGREGADA--NOMBRE PERSONAL | |
| Nombre de persona | Almenar Belenguer, Manuel. |
| 9 (RLIN) | 20135 |
| 700 1# - ENTRADA AGREGADA--NOMBRE PERSONAL | |
| Nombre de persona | Carbonell LLorens, Cristina. |
| 9 (RLIN) | 35064 |
| 710 1# - ENTRADA AGREGADA--NOMBRE DE ENTIDAD CORPORATIVA | |
| Nombre de entidad corporativa o nombre de jurisdicción como elemento de entrada | España. |
| Unidad subordinada | Consejo General del Poder Judicial. |
| 9 (RLIN) | 3650 |
| 830 0# - PUNTO DE ACCESO ADICIONAL DE SERIE-TÍTULO UNIFORME | |
| Título uniforme | Cuadernos de Derecho judicial ; |
| Designación de volumen o secuencia | 43-2002 |
| 9 (RLIN) | 188813 |
| 852 ## - LOCALIZACIÓN | |
| Ubicación | ES-MaACL |
| Número de control de estantería | L-27819 |
| Sublocalización o colección | R.133560 |
| Estatus retirado | Estado de pérdida | Estado de daño | No para préstamo | Biblioteca de origen | Biblioteca actual | Ubicación en estantería | Fecha de adquisición | Fuente de adquisición | Total de préstamos | Signatura topográfica completa | Código de barras | Visto por última vez | Precio de reemplazo | Tipo de ítem Koha |
|---|---|---|---|---|---|---|---|---|---|---|---|---|---|---|
| Biblioteca del Ateneo de Madrid | Biblioteca del Ateneo de Madrid | Depósito 2 | 17/01/2008 | L-27819 | 1070771 | 23/02/2023 | 23/02/2023 | Libro impreso |
